Polish Cities - Sudden Death - Statistics

General Stats
  • This quiz has been taken 124 times
  • The average score is 12 of 15
Answers on the Grid
Answers color-coded by a green-red scale on the quiz's grid according to % correct below.
Warsaw
Kraków
Wrocław
Łódź
Radom
Toruń
Opole
Legnica
Jelenia Góra
Stargard
Głogów
Żory
Gdansk
Jastrzębie-Zdrój
Chorzów
Dresden
Cottbus
Presov
Lviv
Klaipeda
Kalmar
Kaunas
Kalingrad
Brest
Ostrava
Nuremburg
Kosice
Zilina
Hradec Kralove
Gorlitz
 
Answer Stats
Answer % Correct
Kraków
98%
Wrocław
98%
Warsaw
94%
Gdansk
91%
Łódź
90%
Chorzów
81%
Głogów
78%
Jelenia Góra
78%
Jastrzębie-Zdrój
77%
Żory
75%
Radom
72%
Toruń
72%
Opole
69%
Legnica
67%
Stargard
50%
No matching quizzes found
Score Distribution
Percent of People with Each Score
Percentile by Number Answered
Your Score History
You have not taken this quiz